Keep the change / (Record no. 522670)
[ view plain ]
| 000 -LEADER | |
|---|---|
| fixed length control field | 01194cam a22003737i 4500 |
| 001 - CONTROL NUMBER | |
| control field | 17494151 |
| 003 - CONTROL NUMBER IDENTIFIER | |
| control field | NUST |
| 005 - DATE AND TIME OF LATEST TRANSACTION | |
| control field | 20181228130809.0 |
| 007 - PHYSICAL DESCRIPTION FIXED FIELD--GENERAL INFORMATION | |
| fixed length control field | ta |
| 008 - FIXED-LENGTH DATA ELEMENTS--GENERAL INFORMATION | |
| fixed length control field | 120629s2012 ii 000 f eng d |
| 010 ## - LIBRARY OF CONGRESS CONTROL NUMBER | |
| LC control number | 2012337940 |
| 020 ## - INTERNATIONAL STANDARD BOOK NUMBER | |
| International Standard Book Number | 9788172239428 (pbk.) |
| 025 ## - OVERSEAS ACQUISITION NUMBER | |
| Overseas acquisition number | I-E-2012-337940; 26-91 |
| 035 ## - SYSTEM CONTROL NUMBER | |
| System control number | (OCoLC)ocn800706053 |
| 035 ## - SYSTEM CONTROL NUMBER | |
| System control number | (OCoLC)800706053 |
| 037 ## - SOURCE OF ACQUISITION | |
| Stock number | Library of Congress -- New Delhi Overseas Office |
| 038 ## - RECORD CONTENT LICENSOR | |
| Staff Name | Arshad |
| 040 ## - CATALOGING SOURCE | |
| Original cataloging agency | DKAGE |
| Language of cataloging | eng |
| Transcribing agency | DKAGE |
| Modifying agency | DLC |
| Description conventions | rda |
| 042 ## - AUTHENTICATION CODE | |
| Authentication code | lccopycat |
| -- | lcode |
| 050 00 - LIBRARY OF CONGRESS CALL NUMBER | |
| Classification number | MLCS 2012/01413 (P) |
| -- | PR9499.4.S8363 |
| 082 04 - DEWEY DECIMAL CLASSIFICATION NUMBER | |
| Classification number | 823 |
| Author Mark | SUB |
| 100 1# - MAIN ENTRY--PERSONAL NAME | |
| Personal name | Subramanian, Nirupama |
| Titles and words associated with a name | (Freelance consultant) |
| 9 (RLIN) | 12793 |
| 245 10 - TITLE STATEMENT | |
| Title | Keep the change / |
| Statement of responsibility, etc. | Nirupama Subramanian. |
| 264 #1 - PRODUCTION, PUBLICATION, DISTRIBUTION, MANUFACTURE, AND COPYRIGHT NOTICE | |
| Place of production, publication, distribution, manufacture | New Delhi : |
| Name of producer, publisher, distributor, manufacturer | HarperCollins Publishers India, a joint venture with the India Today Group, |
| Date of production, publication, distribution, manufacture, or copyright notice | 2012. |
| 300 ## - PHYSICAL DESCRIPTION | |
| Extent | 356 pages ; |
| Dimensions | 20 cm |
| 336 ## - CONTENT TYPE | |
| Content type term | text |
| Source | rdacontent |
| 337 ## - MEDIA TYPE | |
| Media type term | unmediated |
| Source | rdamedia |
| 338 ## - CARRIER TYPE | |
| Carrier type term | volume |
| Source | rdacarrier |
| 500 ## - GENERAL NOTE | |
| General note | Novel. |
| 655 #0 - INDEX TERM--GENRE/FORM | |
| Genre/form data or focus term | Indic fiction (English) |
| 9 (RLIN) | 12794 |
| 906 ## - LOCAL DATA ELEMENT F, LDF (RLIN) | |
| a | 7 |
| b | cbc |
| c | copycat |
| d | 4 |
| e | ncip |
| f | 20 |
| g | y-gencatlg |
| 942 ## - ADDED ENTRY ELEMENTS (KOHA) | |
| Source of classification or shelving scheme | |
| Koha item type | Book |
| Withdrawn status | Lost status | Source of classification or shelving scheme | Damaged status | Not for loan | Permanent Location | Current Location | Shelving location | Date acquired | Total Checkouts | Total Renewals | Full call number | Barcode | Checked out | Date last seen | Date last checked out | Copy number | Price effective from | Koha item type |
|---|---|---|---|---|---|---|---|---|---|---|---|---|---|---|---|---|---|---|
| Central Library (CL) | Central Library (CL) | Fiction | 12/28/2018 | 3 | 3 | 813.54 SUB | CL1732 | 04/10/2026 | 03/11/2026 | 03/11/2026 | 1 | 12/28/2018 | Book |
